| 000 | 00567nam a2200157Ia 4500 | ||
|---|---|---|---|
| 008 | 151213s9999 xx 000 0 und d | ||
| 020 | _a984-8689-28-1 | ||
| 100 | _aমোয়াজ্জেম হোসেন আলমগীর | ||
| 245 |
_aমনোতত্ত্ব _cমোয়াজ্জেম হোসেন আলমগীর |
||
| 260 |
_aঢাকা _bমুক্তদেশ _c2007 |
||
| 300 | _a8319 p. | ||
| 650 | _aBangla | ||
| 650 | _aBangla | ||
| 700 | _aমোয়াজ্জেম হোসেন আলমগীর | ||
| 999 |
_c4162 _d4162 |
||